| 000 -LEADER |
| fixed length control field |
00585nam a22001697a 4500 |
| 005 - DATE AND TIME OF LATEST TRANSACTION |
| control field |
20230808115832.0 |
| 008 - FIXED-LENGTH DATA ELEMENTS--GENERAL INFORMATION |
| fixed length control field |
230808s1979 fr ||||| |||| 00| 0 fre d |
| 041 ## - LANGUAGE CODE |
| Language code of text/sound track or separate title |
fre |
| 080 ## - UNIVERSAL DECIMAL CLASSIFICATION NUMBER |
| Universal Decimal Classification number |
739.1(479.22) S-20 |
| 100 ## - MAIN ENTRY--PERSONAL NAME |
| Personal name |
SanIKIDZE, T. |
| 9 (RLIN) |
19634 |
| 245 ## - TITLE STATEMENT |
| Title |
ORFÈVRERIE GÉORGIENNE DU VII AU XIX SIÈCLE / |
| Statement of responsibility, etc. |
T. SanIKIDZE, & G. ABRAMISHVILI. |
| 264 ## - PRODUCTION, PUBLICATION, DISTRIBUTION, MANUFACTURE, AND COPYRIGHT NOTICE |
| Place of production, publication, distribution, manufacture |
Geneve, |
| Date of production, publication, distribution, manufacture, or copyright notice |
1979. |
| 300 ## - PHYSICAL DESCRIPTION |
| Extent |
75 p. : |
| Other physical details |
ill.; |
| Dimensions |
24 cm. |
| 653 ## - INDEX TERM--UNCONTROLLED |
| keyword |
ქართული ვერცხლი VII-XIX საუკუნემდე |
| 700 ## - ADDED ENTRY--PERSONAL NAME |
| Personal name |
ABRAMISHVILI, G. |
| Relator term |
ავტორი |
| 9 (RLIN) |
19635 |
| 942 ## - ADDED ENTRY ELEMENTS (KOHA) |
| Source of classification or shelving scheme |
|
| Koha item type |
წიგნი |